000 00360nam a2200157Ia 4500
008 230917s9999||||xx |||||||||||||| ||und||
020 _cPON18
040 _e19402
_aMAIN
041 _aEnglish
082 _a330.91 D714I
100 _aDommen, Edward, ed
245 0 _aIslands
260 _aOxford
_bPergamon
_c1981
300 _av,929-1063 p.
942 _cBK
999 _c221200
_d221200